000 01870cam a22005174i 4500
003 PE-LiUPU
005 20250731184609.0
008 150616s1991 gaua rb 000 0 eng d
020 _a1555406424
035 _a(Sirsi) i9781555406424
040 _aPE-LiUPU
_bspa
_cPE-LiUPU
_erda
049 _aPRUA
082 0 4 _a913.095695
_bA17
_221
100 1 _aMiller, J. Maxwell,
_eautor.
245 1 0 _aArchaeological Survey of the Kerak Plateau /
_cJ. Maxwell Miller.
264 1 _aAtlanta, Georgia :
_bScholars Press,
_c1991.
300 _a343 páginas :
_bilustraciones ;
_c29 centímetros.
336 _atext
_2rdacontent
337 _aunmediated
_2rdamedia
338 _avolume
_2rdacarrier
490 1 _aASOR. American Schools of Oriental Research. Arqueological Reports ;
_v1
504 _aBibliografía: páginas 320-343.
505 0 _aThe survey -- The sites -- Ceramics from the Kerak Plateau -- Toponymy of the Kerak Plateau -- Site lists -- Bibliography.
526 _aP136
526 _aP135
526 _aP134
526 _aP133
526 _aP144
526 _aP143
526 _aP87
526 _aP35
526 _aP20
526 _aP14
526 _aP10
526 _aP06
650 1 4 _aExcavaciones (arqueología)
_zJordania
_zMeseta de Kerak.
651 4 _aMeseta de Kerak (Jordania)
_xAntigüedades.
650 1 4 _aAntigüedades.
910 _ajck
_bjvq
_cjck
942 _2ddc
_cBOOK
949 _a913.095695 A17
_wDEWEY
_c1
_i42951
_lCCODEBUL1
_mBUL
_r0
_sY
_tBOOK
_u2015-6-16
_xTEOLOGIA
_zUNKNOWN
_0COMPRA
_o.STAFF. Colección Teología
994 _aC0
_bPEPRU
596 _a1
999 _a913.095695 A17
_wDEWEY
_c60919
_i42951
_f2021-11-11
_g5
_lCCODEBUL1
_mBUL
_p30.00
_r0
_sY
_tBOOK
_u2015-6-16
_xTEOLOGIA
_PP35
_0COMPRA
_o.STAFF. Colección Teología
_d60919
980 _81
_gALBERTO SANCHEZ Responsable de Automatización